| 000 | 00434nam a2200193Ia 4500 | ||
|---|---|---|---|
| 003 | 0100 | ||
| 008 | 130307s9999 xx 000 0 und d | ||
| 040 | _cARRUPELIB | ||
| 050 | _aHQ31.M1844 1971 | ||
| 100 | _aMcGoey, John H | ||
| 245 | _aDare i love | ||
| 260 | _aOntario | ||
| 260 | _bScarboro | ||
| 260 | _c1971 | ||
| 300 | _a131p. | ||
| 300 | _b23 cm. | ||
| 650 | _bJesuits-United States-History-20th century | ||
| 942 | 0 | 0 | _01 |
| 999 |
_c99628 _d99628 |
||